Espoir de la Masia - Statistiques

Statistiques générales
  • Ce quiz a été pris 42 fois
  • Le résultat moyen est 8 sur 20
Statistiques - réponses
Contrat au Barca/ Barca B Passé par Nationalité Joueurs % Correct
2018-2022 Los Angeles Galaxy Espagne Riqui Puig
79%
2011-2016 Benfica Lisbonne Bayer Leverkusen Espagne Alex Grimaldo
66%
2018-2020 2020-2021 OM Olympiakos SD Eibar USA Konrad De La Fuente
66%
2006-2007 2007-2011 2013-2014 AS Roma Ajax Amsterdam FSV Mainz Espagne Bojan Krkic
63%
2011-2015 2017-2018 AC Milan Watford Udinese Calcio Espagne Gerard Deulofeu
63%
2021-2023 CA Osasuna Betis Seville Maroc Abde Ezzalzouli
58%
2017-2018 Borussia Dortmund RSC Anderlecht Manchester City Espagne Sergio Gomez
50%
2009-2012 2012-2016 Borussia Dortmund Betis Seville Trabzonspor Espagne Marc Bartra
42%
2018-2021 2021-2023 FC Valence FC Porto Espagne Nico Gonzalez
42%
2018-2020 AS Roma Celta Vigo Espagne Carles Perez
39%
2006-2011 Real Valladolid Sporting Lisbonne AEK Larnaca Venezuela Jeffren Suarez
39%
2014-2019 FC Valence Getafe UD Las Palmas Maroc Munir El-Haddadi
39%
2019-2020 SC Braga Espagne Abel Ruiz
37%
2015-2016 2016-2021 Betis Seville Getafe Espagne Carles Alena
37%
2018-2022 Celta Vigo Espagne Oscar Mingueza
32%
2011-2017 FC Porto Betis Seville Al-Fateh Espagne Cristian Tello
24%
2013-2014 AS Roma Betis Seville Torino Paraguay Antonio Sanabria
18%
2010-2011 2011-2014 Ajax Amsterdam Grenade CF Sagan Tosu Espagne Isaac Cuenca
13%
2009-2013 Stoke City Girona Al-Arabi SC Espagne Marc Muniesa
11%
2007-2010 Racing Santander RCD Majorque Hapoel Tel-Aviv Israël Gaï Assulin
8%
Aucun quiz correspondant
Distribution des résultats
% des personnes avec chaque résultat
Percentile par nombre de réponses
Votre historique - résultats
Vous n’avez pas pris ce quiz